| 000 | 00315nam a22000977a 4500 | ||
|---|---|---|---|
| 999 |
_c3032 _d3032 |
||
| 008 | 200120b ||||| |||| 00| 0 eng d | ||
| 100 | _aDavid Feldman Galleries | ||
| 245 | _aRussia: Imperial, Soviet, Zemstvo Issues & Poland | ||
| 260 |
_bDavid Feldman Galleries _c2013 |
||
| 650 | _aImperial Russia; Soviet; Zemstvo; Poland | ||